000 00616nam a2200181 i 4500
001 46153
003 ES-MaACL
005 20230906161334.0
007 t|
008 030328s1933 sz ||||1| fre d
111 2 _aConférence Internationale du Travail (
_n17ª.
_d1933.
_cGenéve)
_9181
245 1 0 _aRésumé des rapportes annuels présentés en execution de l'article 408.
260 _aGenève :
_bBureau International du Travail,
_c1933.
300 _a527 p. ;
_c32 cm.
500 _aPrecede al tít.: Société des Nations.
710 2 _aSociedad de Naciones.
_96682
852 _aES-MaACL
_jC-14365
_bR.12190
999 _c46153
_d46153